[Event "Thüringenliga 2014/2015"]
[Site "?"]
[Date "2014.11.23"]
[Round "4"]
[White "Streltsyn, Grygoriy"]
[Black "Kampfhenkel, Ulrich"]
[Result "1/2-1/2"]
[WhiteElo "2080"]
[BlackElo "1934"]
[PlyCount "172"]
[EventDate "2014.??.??"]
[WhiteTeam "Erfurter Schachklub"]
[BlackTeam "SV Ammern"]

1. d4 Nf6 2. Nf3 g6 3. Bg5 Bg7 4. Nc3 d6 5. Qd2 h6 6. Bf4 c6 7. e4 Qa5 8. O-O-O
b5 9. e5 b4 10. Nb1 Ne4 11. Qe1 d5 12. a3 Na6 13. Bd3 O-O 14. Bxe4 dxe4 15.
Qxe4 bxa3 16. Nxa3 Bf5 17. Qe3 g5 18. Bg3 Nb4 19. Nd2 Nd5 20. Qf3 e6 21. Ndc4
Qa6 22. Rd2 Rfb8 23. Qe2 Nb4 24. Kd1 Nd5 25. Ke1 Rxb2 26. Nxb2 Qxa3 27. Nd1 Bf8
28. h4 g4 29. c4 Nb4 30. Ne3 Nd3+ 31. Kf1 Nc1 32. Qd1 Nb3 33. Re2 Nc1 34. Re1
Nd3 35. Nxf5 Nxe1 36. Qxg4+ Kh8 37. Ne3 Nd3 38. Kg1 Rb8 39. Kh2 Rb2 40. Qf3 Qe7
41. Ng4 Nb4 42. Ra1 Nc2 43. Rd1 Bg7 44. Qxc6 Qb7 45. Qxb7 Rxb7 46. Ne3 Nb4 47.
d5 exd5 48. cxd5 a5 49. d6 Rd7 50. Nc4 Nc6 51. f4 a4 52. Nb6 Ra7 53. d7 Nd8 54.
Be1 a3 55. Bc3 Ra6 56. Nd5 Rc6 57. Ba1 Kh7 58. Rd3 Bf8 59. Nf6+ Kg6 60. g4 Rc1
61. Bd4 a2 62. f5+ Kg7 63. Nh5+ Kh7 64. Nf4 a1=Q 65. Bxa1 Rxa1 66. Kg3 Re1 67.
e6 fxe6 68. fxe6 Be7 69. h5 Bg5 70. Ng6 Nxe6 71. Nf8+ Nxf8 72. d8=Q Bxd8 73.
Rxd8 Kg7 74. Ra8 Ne6 75. Ra7+ Kf6 76. Rh7 Kg5 77. Re7 Re3+ 78. Kf2 Re5 79. Kg3
Re4 80. Kf3 Rf4+ 81. Ke3 Rf6 82. Ke4 Nc5+ 83. Kd5 Nd3 84. Rg7+ Kf4 85. Rg6 Rf8
86. Rxh6 Kxg4 1/2-1/2

[Event "Thüringenliga 2014/2015"]
[Site "?"]
[Date "2014.11.23"]
[Round "4"]
[White "Troyke, Doreen"]
[Black "Breuer, Harald"]
[Result "1/2-1/2"]
[WhiteElo "1978"]
[BlackElo "1850"]
[PlyCount "66"]
[EventDate "2014.??.??"]
[WhiteTeam "Erfurter Schachklub"]
[BlackTeam "SV Ammern"]

1. c4 Nf6 2. g3 g6 3. Bg2 Bg7 4. Nc3 d6 5. e3 O-O 6. Nge2 Nbd7 7. O-O c6 8. b3
Qc7 9. Bb2 e5 10. d4 a6 11. Qd2 Nb6 12. Rfd1 Be6 13. Rac1 Rad8 14. d5 Bd7 15.
dxc6 Bxc6 16. Nd5 Bxd5 17. cxd5 Qb8 18. Ba3 Rc8 19. Qa5 Rxc1 20. Rxc1 Qd8 21.
Nc3 Re8 22. Qb4 Bf8 23. e4 Nfd7 24. Na4 Nxa4 25. Qxa4 Nf6 26. Bb2 Qb8 27. Qc4
Nd7 28. Bh3 Nc5 29. Qc2 b5 30. b4 Na4 31. Bd7 Rd8 32. Bc6 Bh6 33. Rd1 Nxb2
1/2-1/2

[Event "Thüringenliga 2014/2015"]
[Site "?"]
[Date "2014.11.23"]
[Round "4"]
[White "Salaske, Peter"]
[Black "Fischer, Dieter"]
[Result "1/2-1/2"]
[WhiteElo "1844"]
[BlackElo "1903"]
[PlyCount "28"]
[EventDate "2014.??.??"]
[WhiteTeam "SV Ammern"]
[BlackTeam "Erfurter Schachklub"]

1. e4 d5 2. exd5 Nf6 3. Nc3 Nxd5 4. Nxd5 Qxd5 5. Qf3 Qe5+ 6. Ne2 Nc6 7. c3 g6
8. d4 Qf5 9. Qxf5 Bxf5 10. Bf4 O-O-O 11. Ng3 Be6 12. Bb5 Bd5 13. O-O a6 14. Be2
f6 1/2-1/2

[Event "Thüringenliga 2014/2015"]
[Site "?"]
[Date "2014.11.23"]
[Round "4"]
[White "Held, Martin"]
[Black "Kurze, Christoph"]
[Result "0-1"]
[WhiteElo "1718"]
[BlackElo "1801"]
[PlyCount "62"]
[EventDate "2014.??.??"]
[WhiteTeam "Erfurter Schachklub"]
[BlackTeam "SV Ammern"]

1. e4 e6 2. d3 d5 3. Nd2 Nf6 4. Ngf3 c5 5. g3 Nc6 6. Bg2 Be7 7. O-O O-O 8. e5
Nd7 9. Re1 b5 10. Nf1 a5 11. h4 Ba6 12. N1h2 b4 13. Bf4 a4 14. h5 a3 15. b3 Na7
16. g4 Nb5 17. g5 Rc8 18. Ng4 Nc3 19. Qd2 c4 20. g6 cxd3 21. Bh6 fxg6 22. hxg6
Rxf3 23. Bxf3 Qf8 24. gxh7+ Kxh7 25. Bf4 g5 26. Kg2 Qxf4 27. Rh1+ Kg7 28. Qe1
Rf8 29. Rh7+ Kxh7 30. Qh1+ Kg8 31. Qh3 Nxe5 0-1

[Event "Thüringenliga 2014/2015"]
[Site "?"]
[Date "2014.11.23"]
[Round "4"]
[White "Hentrich, Jörg"]
[Black "August, Christian"]
[Result "0-1"]
[WhiteElo "1755"]
[BlackElo "1961"]
[PlyCount "82"]
[EventDate "2014.??.??"]
[WhiteTeam "SV Ammern"]
[BlackTeam "Erfurter Schachklub"]

1. e4 e5 2. f4 exf4 3. Nf3 Ne7 4. Bc4 Ng6 5. d4 Be7 6. O-O O-O 7. Nc3 d6 8. Nd5
Be6 9. c3 Bxd5 10. Bxd5 c6 11. Bc4 Nd7 12. Qe2 Bf6 13. b3 Re8 14. Bd3 Ndf8 15.
Qc2 Rc8 16. Ne1 Bg5 17. d5 cxd5 18. exd5 Qa5 19. Bb2 Qxd5 20. c4 Qc5+ 21. Kh1
Ne5 22. Bf5 Rcd8 23. Nd3 Nxd3 24. Bxd3 d5 25. Rad1 dxc4 26. Bxc4 Ne6 27. Rde1
h6 28. Re5 Qd6 29. Rd5 Qc6 30. Qf5 Rxd5 31. Bxd5 Qd7 32. h4 Bxh4 33. Rc1 Nf8
34. Qh5 Bg5 35. Rd1 Re3 36. Bc1 g6 37. Qh2 Re5 38. Bf3 Qe7 39. Qg1 b6 40. Bb2
Re3 41. Qf2 Bh4 0-1

[Event "Thüringenliga 2014/2015"]
[Site "?"]
[Date "2014.11.23"]
[Round "4"]
[White "Neidig, Stefan"]
[Black "Darr, Sascha"]
[Result "1-0"]
[WhiteElo "2154"]
[BlackElo "2105"]
[PlyCount "79"]
[EventDate "2014.??.??"]
[WhiteTeam "TSG Apolda"]
[BlackTeam "SV Jenapharm Jena"]

1. e4 c6 2. d3 d5 3. Nd2 e5 4. Ngf3 Qc7 5. Qe2 Nd7 6. g3 Ngf6 7. Bg2 Bd6 8. O-O
O-O 9. Nh4 dxe4 10. dxe4 Re8 11. Rd1 Bf8 12. Nc4 Nb6 13. Ne3 g6 14. Bd2 Na4 15.
b3 Nc5 16. Nc4 Ne6 17. Nf3 Nd7 18. Bc3 f6 19. Nb2 Ndc5 20. Nd3 Bd7 21. Nfe1
Rad8 22. Bh3 Nxd3 23. Qxd3 Bc8 24. Qc4 b5 25. Rxd8 Rxd8 26. Bxe6+ Kg7 27. Qf1
Bxe6 28. Nd3 Kg8 29. f4 Bg7 30. a4 Re8 31. fxe5 fxe5 32. Qf2 a6 33. Qc5 Bg4 34.
axb5 axb5 35. Ra7 Qb8 36. Rxg7+ Kxg7 37. Bxe5+ Rxe5 38. Nxe5 Qd8 39. Qa7+ Kg8
40. Qf7+ 1-0

[Event "Thüringenliga 2014/2015"]
[Site "?"]
[Date "2014.11.23"]
[Round "4"]
[White "Wicklein, Stefan"]
[Black "Middelhoff, Cornelius"]
[Result "1/2-1/2"]
[WhiteElo "1972"]
[BlackElo "2068"]
[PlyCount "21"]
[EventDate "2014.??.??"]
[WhiteTeam "SV Jenapharm Jena"]
[BlackTeam "TSG Apolda"]

1. Nf3 Nf6 2. g3 b6 3. Bg2 Bb7 4. O-O c5 5. d3 g6 6. e4 d6 7. Nh4 Nc6 8. f4 Bg7
9. f5 Ne5 10. Nc3 e6 11. fxe6 1/2-1/2

[Event "Thüringenliga 2014/2015"]
[Site "?"]
[Date "2014.11.23"]
[Round "4"]
[White "Rohmeiß, Roberto"]
[Black "August, Daniel"]
[Result "1/2-1/2"]
[WhiteElo "2041"]
[BlackElo "1985"]
[PlyCount "55"]
[EventDate "2014.??.??"]
[WhiteTeam "TSG Apolda"]
[BlackTeam "SV Jenapharm Jena"]

1. d4 d6 2. Nf3 Bg4 3. e3 Nf6 4. h3 Bh5 5. c4 e6 6. Nc3 Be7 7. Be2 O-O 8. O-O
c6 9. b4 Nbd7 10. Qb3 a5 11. Bd2 axb4 12. Qxb4 Qc7 13. Rfc1 Rfb8 14. a4 Qd8 15.
Qb2 h6 16. Be1 b6 17. Rd1 Qc7 18. d5 exd5 19. cxd5 Nxd5 20. Nxd5 cxd5 21. Rxd5
Bf6 22. Qc1 Rc8 23. Qxc7 Rxc7 24. Rad1 Ne5 25. g4 Bg6 26. Rxd6 Nxf3+ 27. Bxf3
Rxa4 28. Rxb6 1/2-1/2

[Event "Thüringenliga 2014/2015"]
[Site "?"]
[Date "2014.11.23"]
[Round "4"]
[White "Wolf, Isaak"]
[Black "Maiwald, Harald"]
[Result "1/2-1/2"]
[WhiteElo "1966"]
[BlackElo "1960"]
[PlyCount "24"]
[EventDate "2014.??.??"]
[WhiteTeam "SV Jenapharm Jena"]
[BlackTeam "TSG Apolda"]

1. e4 c5 2. Nf3 Nf6 3. Nc3 Nc6 4. d4 d5 5. exd5 Nxd5 6. Nxd5 Qxd5 7. Be3 cxd4
8. Nxd4 a6 9. c3 e5 10. Nb3 Be6 11. Qxd5 Bxd5 12. O-O-O O-O-O 1/2-1/2

[Event "Thüringenliga 2014/2015"]
[Site "?"]
[Date "2014.11.23"]
[Round "4"]
[White "Goemann, Jens"]
[Black "Zipfel, Frank"]
[Result "1/2-1/2"]
[WhiteElo "2082"]
[BlackElo "1978"]
[PlyCount "27"]
[EventDate "2014.??.??"]
[WhiteTeam "TSG Apolda"]
[BlackTeam "SV Jenapharm Jena"]

1. c4 e5 2. g3 Nf6 3. Bg2 g6 4. Nc3 Bg7 5. Nf3 d6 6. d3 O-O 7. O-O Nc6 8. Rb1
Bd7 9. b4 Qc8 10. Re1 Bh3 11. Bh1 Re8 12. b5 Nd4 13. e3 Nxf3+ 14. Qxf3 1/2-1/2

[Event "Thüringenliga 2014/2015"]
[Site "?"]
[Date "2014.11.23"]
[Round "4"]
[White "Schmidt, Matthias"]
[Black "Kloß, Thomas"]
[Result "1/2-1/2"]
[WhiteElo "1945"]
[BlackElo "1905"]
[PlyCount "48"]
[EventDate "2014.??.??"]
[WhiteTeam "TSG Apolda"]
[BlackTeam "SV Jenapharm Jena"]

1. e4 c5 2. b3 Nc6 3. Bb2 d6 4. f4 Nf6 5. Nc3 e6 6. Nf3 Be7 7. Bb5 Bd7 8. O-O
a6 9. Bxc6 Bxc6 10. e5 dxe5 11. Nxe5 Qc7 12. Qe2 O-O 13. Rae1 Rae8 14. Nxc6
Qxc6 15. Ne4 Nxe4 16. Qxe4 Qxe4 17. Rxe4 Bd6 18. Rfe1 f5 19. Rxe6 Rxe6 20. Rxe6
Bxf4 21. Re2 Bd6 22. h3 Kf7 23. Kf2 g6 24. Be5 Rd8 1/2-1/2

[Event "Thüringenliga 2014/2015"]
[Site "?"]
[Date "2014.11.23"]
[Round "4"]
[White "Hermannsdörfer, Frank"]
[Black "Wehner, Janis"]
[Result "1-0"]
[WhiteElo "2100"]
[BlackElo "2167"]
[PlyCount "135"]
[EventDate "2014.??.??"]

1. b3 c5 2. Bb2 Nc6 3. Nf3 Nf6 4. d4 cxd4 5. Nxd4 e6 6. e3 Be7 7. Bd3 b6 8. O-O
Nxd4 9. Bxd4 Bb7 10. c4 O-O 11. Qc2 d6 12. Bb2 e5 13. Nc3 Rc8 14. Bf5 Rb8 15.
Rfd1 g6 16. Bh3 a6 17. Rd2 Qc7 18. Rad1 b5 19. cxb5 axb5 20. a3 Ba8 21. b4 Qc4
22. Rc1 Rfd8 23. Qd1 Qh4 24. Qf1 Ne4 25. Nxe4 Qxe4 26. Rc7 Bf8 27. Bd7 Rxd7 28.
Rxd7 Qc6 29. Ra7 Qb6 30. Rxa8 Rxa8 31. Rc2 Qb7 32. Qc1 Qe4 33. f3 Qd5 34. e4
Qd3 35. Rc3 Qd4+ 36. Kh1 Qf2 37. Rc2 Qh4 38. Qf1 Rb8 39. Bc1 Bh6 40. g3 Qh5 41.
Kg2 f5 42. exf5 Qxf5 43. Rc7 Bxc1 44. Qxc1 Rf8 45. Qd1 g5 46. Qd5+ Kh8 47. g4
Qg6 48. Rc6 Rd8 49. h3 Qg8 50. Qd3 Qa2+ 51. Rc2 Qe6 52. Rc7 Rd7 53. Rc8+ Kg7
54. Qxb5 Qa2+ 55. Kg3 Rf7 56. Qd3 h6 57. Qe3 Qb1 58. Rc1 Qb2 59. Rd1 Rf6 60.
Qd3 Qa2 61. b5 Qb2 62. Rb1 Qa2 63. b6 d5 64. b7 e4 65. b8=Q exd3 66. Rb7+ Rf7
67. Qe5+ Kg6 68. Qe6+ 1-0

[Event "Thüringenliga 2014/2015"]
[Site "?"]
[Date "2014.11.23"]
[Round "4"]
[White "Holzschuh, Stephan"]
[Black "Zeidler, Andreas"]
[Result "1-0"]
[WhiteElo "2220"]
[BlackElo "2163"]
[PlyCount "49"]
[EventDate "2014.??.??"]

1. c4 Nf6 2. Nc3 e5 3. g3 Nc6 4. Bg2 Bc5 5. e3 O-O 6. Nge2 d5 7. cxd5 Nb4 8.
O-O Nbxd5 9. Qa4 c6 10. a3 Bf5 11. b4 Be7 12. Nxd5 Nxd5 13. e4 Nb6 14. Qc2 Be6
15. Rd1 a5 16. bxa5 Rxa5 17. d4 Qa8 18. Rb1 Qa7 19. Bb2 Nc4 20. d5 cxd5 21.
exd5 Nxb2 22. Rxb2 Bd7 23. d6 Ba4 24. dxe7 Bxc2 25. Rd8 1-0

[Event "Thüringenliga 2014/2015"]
[Site "?"]
[Date "2014.11.23"]
[Round "4"]
[White "Gerhardt, Frank"]
[Black "Kirschbaum, Gunnar"]
[Result "1/2-1/2"]
[WhiteElo "2022"]
[BlackElo "2133"]
[PlyCount "22"]
[EventDate "2014.??.??"]

1. e4 d6 2. d4 Nf6 3. Nc3 Nbd7 4. Nf3 e5 5. Bc4 Be7 6. O-O O-O 7. a4 c6 8. Ba2
a5 9. Qe2 Qc7 10. Rd1 exd4 11. Nxd4 Nc5 1/2-1/2

[Event "Thüringenliga 2014/2015"]
[Site "?"]
[Date "2014.11.23"]
[Round "4"]
[White "Hausknecht, Matthias"]
[Black "Kastner, Peter"]
[Result "1/2-1/2"]
[WhiteElo "2118"]
[BlackElo "1974"]
[PlyCount "102"]
[EventDate "2014.??.??"]

1. Nf3 Nf6 2. d4 g6 3. Nc3 d5 4. Bf4 c6 5. Qd2 Nbd7 6. Bh6 b5 7. a3 Bxh6 8.
Qxh6 Qb6 9. e3 Rb8 10. Bd3 b4 11. axb4 Qxb4 12. Ra2 c5 13. O-O c4 14. Be2 a6
15. Ne5 Qd6 16. Qg7 Rf8 17. f4 Qe6 18. Bf3 Bb7 19. h3 h5 20. Ra5 Qb6 21. Ra2
Qe6 22. Kh2 Qf5 23. Rf2 Nxe5 24. dxe5 Rg8 25. Qh6 Ne4 26. Bxe4 dxe4 27. Ra4 Qe6
28. Rb4 Qc8 29. Nd1 e6 30. Rd2 Qc5 31. Ra4 Rd8 32. Rxd8+ Kxd8 33. b3 cxb3 34.
cxb3 Kd7 35. Qg5 Qe7 36. Rd4+ Bd5 37. Qg3 Rc8 38. Qf2 Ke8 39. Qd2 Qc5 40. b4
Qc2 41. Kg3 Qxd2 42. Rxd2 Rc4 43. Rb2 Rc1 44. Rd2 Bb3 45. Nb2 Rc3 46. Kf2 h4
47. Ke2 Rc1 48. Rd4 Rc2+ 49. Rd2 Rc1 50. Rd4 Rc2+ 51. Rd2 Rc1 1/2-1/2

[Event "Thüringenliga 2014/2015"]
[Site "?"]
[Date "2014.11.23"]
[Round "4"]
[White "Weiß, Werner"]
[Black "Reichel, Norbert"]
[Result "1/2-1/2"]
[WhiteElo "2011"]
[BlackElo "2037"]
[PlyCount "74"]
[EventDate "2014.??.??"]

1. e4 c5 2. Nf3 Nc6 3. d3 g6 4. g3 Bg7 5. Bg2 d6 6. O-O e5 7. c3 Nge7 8. a3 O-O
9. b4 b6 10. b5 Na5 11. c4 h6 12. Bd2 Nb7 13. Qc1 Kh7 14. Nc3 Qc7 15. Nh4 f5
16. exf5 gxf5 17. Ra2 Be6 18. f4 Rad8 19. Nd5 Nxd5 20. cxd5 Bc8 21. Qc4 Rde8
22. Bc3 Na5 23. Bxa5 bxa5 24. Kh1 Qd8 25. fxe5 Rxe5 26. Raf2 Qg5 27. Nf3 Qe7
28. Nxe5 Qxe5 29. g4 Qe3 30. gxf5 Bd4 31. Rf3 Qe2 32. Qc1 Rg8 33. Bh3 Bb7 34.
Qe1 Qxe1 35. Rxe1 Bxd5 36. Bg2 Bxf3 37. Bxf3 Be5 1/2-1/2

[Event "Thüringenliga 2014/2015"]
[Site "?"]
[Date "2014.11.23"]
[Round "4"]
[White "Müller-Ludwig, Kristin"]
[Black "Frommelt, Hans-Jürgen"]
[Result "0-1"]
[WhiteElo "1992"]
[BlackElo "1967"]
[PlyCount "74"]
[EventDate "2014.??.??"]

1. e4 c5 2. Nf3 d6 3. d4 cxd4 4. Nxd4 Nf6 5. Nc3 g6 6. Be3 Bg7 7. f3 O-O 8. Qd2
a6 9. O-O-O b5 10. Bh6 Bb7 11. h4 Nc6 12. h5 Nxd4 13. Bxg7 Kxg7 14. Qxd4 Qc7
15. g4 Kg8 16. Qe3 Rac8 17. Bd3 Rfd8 18. Qh6 e5 19. Nd5 Bxd5 20. exd5 e4 21.
fxe4 Nxg4 22. Qd2 Ne5 23. Rh3 Rd7 24. Rdh1 Qd8 25. Rg3 Rdc7 26. Kb1 Qf6 27. c3
Nxd3 28. Qxd3 Qe5 29. Rg2 Re8 30. Rg4 Rc4 31. hxg6 fxg6 32. Qh3 Re7 33. Re1 b4
34. cxb4 Rxb4 35. Qg2 Reb7 36. Rxg6+ hxg6 37. Qxg6+ Rg7 0-1

[Event "Thüringenliga 2014/2015"]
[Site "?"]
[Date "2014.11.23"]
[Round "4"]
[White "Biel, Maik"]
[Black "Jakob, Matthias"]
[Result "0-1"]
[WhiteElo "1939"]
[BlackElo "1931"]
[PlyCount "84"]
[EventDate "2014.??.??"]

1. d4 Nc6 2. Nf3 d6 3. d5 Nb8 4. c4 Nf6 5. Nc3 g6 6. e4 Bg7 7. Be2 O-O 8. O-O
e5 9. b4 a5 10. bxa5 Rxa5 11. Nd2 Nbd7 12. Nb3 Ra8 13. Bg5 h6 14. Be3 b6 15. a4
Nc5 16. Nxc5 bxc5 17. Ra3 Ba6 18. Qd2 Kh7 19. f3 Qd7 20. Rb1 Ng8 21. Nb5 Ne7
22. f4 exf4 23. Bxf4 g5 24. Be3 Ng6 25. Rf1 Rfe8 26. Qc2 Qe7 27. Bc1 Kg8 28.
Bd3 Ne5 29. Be2 c6 30. dxc6 Nxc6 31. Bh5 Nd4 32. Qd3 Bb7 33. Nc3 Bxe4 34. Nxe4
Qxe4 35. Qh3 Ne2+ 36. Bxe2 Qxe2 37. Raf3 Qxc4 38. Qd7 Qe6 39. Qb7 Reb8 40. Qc7
Rb1 41. h3 Bd4+ 42. Kh1 Qc4 0-1

[Event "Thüringenliga 2014/2015"]
[Site "?"]
[Date "2014.11.23"]
[Round "4"]
[White "Fischer, Dennis"]
[Black "Reiher, Klaus"]
[Result "0-1"]
[WhiteElo "1865"]
[BlackElo "1694"]
[PlyCount "136"]
[EventDate "2014.??.??"]

1. e4 d5 2. exd5 Qxd5 3. Nc3 Qd6 4. d4 Nf6 5. Nf3 a6 6. h3 Bf5 7. Bd3 Bg6 8.
Be3 Nc6 9. Bxg6 hxg6 10. Qe2 e6 11. O-O O-O-O 12. a3 Rh5 13. Rfd1 Qd7 14. b4
Bd6 15. b5 Nb8 16. bxa6 Nxa6 17. a4 c6 18. a5 Bc7 19. Ne5 Qe8 20. Nc4 Nd5 21.
Nb6+ Nxb6 22. axb6 Bxb6 23. Rxa6 bxa6 24. Qxa6+ Kc7 25. Rb1 Rb8 26. Bf4+ e5 27.
dxe5 Bxf2+ 28. Kxf2 Rxb1 29. e6+ Kd8 30. Qa8+ Ke7 31. Qxe8+ Kxe8 32. exf7+ Kxf7
33. Nxb1 Rb5 34. Nd2 Rb2 35. c4 Ke6 36. Ke3 Kf5 37. g3 Rb7 38. h4 Re7+ 39. Kf3
Rd7 40. c5 Rd5 41. Ne4 Rd3+ 42. Be3 Ra3 43. Nd6+ Ke6 44. Ke4 Ra4+ 45. Bd4 Ra3
46. Be3 Ra4+ 47. Kf3 Ra3 48. Ne4 Ra1 49. Nf2 Ra3 50. Nh3 Kf6 51. Nf4 Ra4 52.
Ne2 Ke5 53. Bf4+ Kf5 54. g4+ Kf6 55. Ke3 Rc4 56. Ng3 Ra4 57. Ne4+ Ke6 58. Nf2
Ra3+ 59. Nd3 Kd5 60. Kd2 Ke4 61. Be5 Rxd3+ 62. Kc2 Rd5 63. Bd6 Kf3 64. Kb3 Rd4
65. g5 Rxh4 66. Bf8 Rh5 67. Ka4 Ke4 68. Ka5 Rxg5 0-1

[Event "Thüringenliga 2014/2015"]
[Site "?"]
[Date "2014.12.21"]
[Round "5"]
[White "Pähtz, Thomas"]
[Black "Krüger, Rainer"]
[Result "1/2-1/2"]
[WhiteElo "2297"]
[BlackElo "2071"]
[PlyCount "57"]
[EventDate "2014.??.??"]

1. e4 c5 2. Nf3 d6 3. d4 cxd4 4. Nxd4 Nf6 5. Nc3 g6 6. Be3 Bg7 7. f3 Nc6 8. Qd2
O-O 9. O-O-O d5 10. Kb1 Nxd4 11. e5 Nf5 12. exf6 Bxf6 13. Nxd5 Qxd5 14. Qxd5
Nxe3 15. Qd2 Nxd1 16. Qxd1 Be6 17. Bb5 Rad8 18. Qe2 a6 19. Ba4 Rd4 20. Bb3 Bxb3
21. axb3 Rfd8 22. g4 R8d5 23. h4 h5 24. g5 Be5 25. Qe1 Bd6 26. Qc3 Bc5 27. Qa5
Kg7 28. Qc3 Kg8 29. Qa5 1/2-1/2

[Event "Thüringenliga 2014/2015"]
[Site "?"]
[Date "2014.12.21"]
[Round "5"]
[White "Kalisch, Michael"]
[Black "Mehlhorn, Uwe"]
[Result "0-1"]
[WhiteElo "1969"]
[BlackElo "2097"]
[PlyCount "58"]
[EventDate "2014.??.??"]

1. e4 d6 2. d4 g6 3. Nc3 Bg7 4. g3 Nf6 5. Bg2 O-O 6. Nge2 e5 7. O-O c6 8. a4 a5
9. h3 Re8 10. Be3 Nbd7 11. d5 Nc5 12. dxc6 bxc6 13. Qd2 Ba6 14. Rfd1 Bf8 15.
Bg5 Ne6 16. Be3 Rb8 17. Nc1 c5 18. Nd5 Nxd5 19. exd5 Ng7 20. Qc3 Nf5 21. Bd2
Nd4 22. Bf1 Bxf1 23. Kxf1 Qd7 24. g4 f5 25. g5 Qb7 26. Qc4 f4 27. Bxa5 Qd7 28.
Ra3 f3 29. Rxd4 Qxh3+ 0-1

[Event "Thüringenliga 2014/2015"]
[Site "?"]
[Date "2014.12.21"]
[Round "5"]
[White "Töpfer, Albrecht"]
[Black "Kühn, Martin"]
[Result "1-0"]
[WhiteElo "1984"]
[BlackElo "1917"]
[PlyCount "81"]
[EventDate "2014.??.??"]

1. c4 Nf6 2. g3 e6 3. Nf3 d5 4. Bg2 Be7 5. O-O O-O 6. b3 Nbd7 7. Bb2 b6 8. Nc3
Bb7 9. Qc2 c5 10. d3 d4 11. Ne4 Nxe4 12. dxe4 e5 13. e3 Qc7 14. Qe2 Rad8 15.
Ne1 f5 16. exf5 Bxg2 17. Kxg2 Rxf5 18. e4 Rf7 19. Nd3 Bg5 20. Qg4 Bh6 21. Qe6
Kf8 22. Bc1 Re8 23. Qg4 Nf6 24. Qe2 Qc6 25. f3 Nh5 26. b4 Bxc1 27. Raxc1 Qg6
28. bxc5 bxc5 29. Rb1 Kg8 30. Rb5 Rc7 31. Rfb1 Nf4+ 32. Nxf4 exf4 33. g4 h6 34.
Rb8 Kh7 35. Qd2 Rxb8 36. Rxb8 Qa6 37. Qxf4 Qxa2+ 38. Kg3 Qa5 39. Qf5+ g6 40.
Qf8 Qe1+ 41. Kf4 1-0

[Event "Thüringenliga 2014/2015"]
[Site "?"]
[Date "2014.12.21"]
[Round "5"]
[White "Siegemund, Joachim"]
[Black "Rempel, Patrick"]
[Result "1-0"]
[WhiteElo "1983"]
[BlackElo "2020"]
[PlyCount "53"]
[EventDate "2014.??.??"]

1. e4 e5 2. Nc3 Nf6 3. f4 exf4 4. Nf3 d5 5. e5 Ne4 6. d4 g5 7. Bd3 g4 8. Bxe4
dxe4 9. Nxe4 Bh6 10. Nf6+ Kf8 11. b3 c5 12. O-O gxf3 13. Ba3 Na6 14. Qd3 Bg5
15. Rxf3 Bf5 16. Qc4 Kg7 17. d5 Nb4 18. Raf1 Nxc2 19. Rg3 fxg3 20. Rxf5 Be3+
21. Kh1 Nxa3 22. Qg4+ Kf8 23. e6 Qe7 24. exf7 Bg5 25. Nd7+ Kg7 26. Rxg5+ Kxf7
27. Rg7+ 1-0

[Event "Thüringenliga 2014/2015"]
[Site "?"]
[Date "2014.12.21"]
[Round "5"]
[White "Sukaylo, Aleksey"]
[Black "Koksch, Robert"]
[Result "1-0"]
[WhiteElo "1937"]
[BlackElo "1941"]
[PlyCount "53"]
[EventDate "2014.??.??"]

1. e4 c6 2. d4 d5 3. Nc3 dxe4 4. Nxe4 Nd7 5. Nf3 Ngf6 6. Ng3 e6 7. Bd3 Qc7 8.
Bd2 c5 9. c3 Bd6 10. O-O O-O 11. Re1 e5 12. Rc1 c4 13. Bb1 b5 14. Nf5 exd4 15.
Nxd6 Qxd6 16. Nxd4 Bb7 17. f3 Rfe8 18. Nf5 Qc7 19. Bg5 Qb6+ 20. Kh1 Ne5 21. Be3
Qa6 22. Bd4 Ng6 23. Qd2 Re6 24. Rxe6 Qxe6 25. Re1 Qd7 26. Nxg7 Kxg7 27. Bxf6+
1-0

[Event "Thüringenliga 2014/2015"]
[Site "?"]
[Date "2014.12.21"]
[Round "5"]
[White "Kirste, Olaf"]
[Black "Falk, Kristoffer"]
[Result "1/2-1/2"]
[WhiteElo "1889"]
[BlackElo "1826"]
[PlyCount "86"]
[EventDate "2014.??.??"]

1. c4 e5 2. Nc3 c5 3. Nf3 Nc6 4. e3 d6 5. d4 Qc7 6. d5 Nd8 7. Be2 g6 8. O-O Bg7
9. Ng5 a6 10. f4 h6 11. Nf3 exf4 12. exf4 Ne7 13. Bd3 O-O 14. Be3 Rb8 15. Nh4
f5 16. Qc2 Bf6 17. Bf2 b6 18. Rae1 Rb7 19. Re2 Kg7 20. Rfe1 Qd7 21. g4 Qc7 22.
gxf5 Nxf5 23. Nxf5+ Bxf5 24. Ne4 Bxe4 25. Rxe4 b5 26. b3 Qf7 27. Qe2 bxc4 28.
Bxc4 a5 29. a4 Kh7 30. Qd2 Rb4 31. Qd3 Qg7 32. Kh1 Rf7 33. Rg1 Rb8 34. Bb5 Qg8
35. Be8 Rg7 36. Bb5 Qf7 37. Re8 Be7 38. f5 gxf5 39. Bd7 Rxg1+ 40. Bxg1 Bg5 41.
Bxf5+ Kg7 42. Re2 Rb4 43. Rg2 Qf6 1/2-1/2

[Event "Thüringenliga 2014/2015"]
[Site "?"]
[Date "2014.12.21"]
[Round "5"]
[White "Berlt, Norbert"]
[Black "Ortlepp, Steffen"]
[Result "1/2-1/2"]
[WhiteElo "1620"]
[BlackElo "1838"]
[PlyCount "39"]
[EventDate "2014.??.??"]

1. d4 Nf6 2. Nf3 g6 3. Bf4 Bg7 4. c3 d5 5. Nbd2 O-O 6. e3 b6 7. Bd3 c5 8. Ne5
Nh5 9. Bg3 Nxg3 10. hxg3 Qc7 11. f4 Nd7 12. Qf3 Nxe5 13. fxe5 Qd7 14. O-O-O
cxd4 15. exd4 b5 16. Rh4 b4 17. c4 Ba6 18. c5 Bxd3 19. Qxd3 Qa4 20. Qb3 1/2-1/2

[Event "Thüringenliga 2014/2015"]
[Site "?"]
[Date "2014.12.21"]
[Round "5"]
[White "Hoffmann, Tim"]
[Black "Steinacker, Alex"]
[Result "1/2-1/2"]
[WhiteElo "2007"]
[BlackElo "2152"]
[PlyCount "58"]
[EventDate "2014.??.??"]
[WhiteTeam "ESV Gera"]
[BlackTeam "Erfurter Schachklub"]

1. e4 c5 2. Nf3 b6 3. d4 cxd4 4. Nxd4 Bb7 5. Nc3 a6 6. Bd3 g6 7. Be3 Bg7 8. Qd2
Nf6 9. f3 Qc7 10. O-O-O h5 11. Kb1 Nc6 12. Nb3 d6 13. Qf2 b5 14. Bb6 Qc8 15. a3
Ne5 16. Rhe1 O-O 17. Bd4 Qc7 18. h3 Nc4 19. Bxc4 bxc4 20. Bb6 Qc8 21. Na5 Nd7
22. Bd4 Qc7 23. Bxg7 Kxg7 24. Nxb7 Qxb7 25. Qd4+ f6 26. Nd5 Rab8 27. Ka2 Nb6
28. Nxb6 Qxb6 29. Qxb6 Rxb6 1/2-1/2

[Event "Thüringenliga 2014/2015"]
[Site "?"]
[Date "2014.12.21"]
[Round "5"]
[White "Brüggemann, Joachim"]
[Black "Puschendorf, Steffen"]
[Result "1/2-1/2"]
[WhiteElo "2198"]
[BlackElo "2061"]
[PlyCount "83"]
[EventDate "2014.??.??"]
[WhiteTeam "Erfurter Schachklub"]
[BlackTeam "ESV Gera"]

1. e4 e6 2. d4 d5 3. Nc3 Bb4 4. e5 c5 5. a3 Bxc3+ 6. bxc3 Ne7 7. Nf3 h6 8. a4
Qa5 9. Bd2 Qc7 10. Bb5+ Bd7 11. Be2 Nbc6 12. O-O O-O 13. Qc1 f6 14. Bf4 Ng6 15.
Bg3 f5 16. h4 Rac8 17. h5 Nge7 18. dxc5 Na5 19. Bb5 a6 20. Bxd7 Qxd7 21. Bf4
Kh7 22. Be3 Nec6 23. Re1 Nc4 24. Bf4 Qe7 25. Nd4 N6a5 26. Qd1 Rxc5 27. Qf3 Rcc8
28. Qg3 Rce8 29. Rab1 Qf7 30. Qh3 Nc6 31. Nf3 Rc8 32. Kh1 Rc7 33. Rg1 Rd7 34.
Rbc1 d4 35. g4 fxg4 36. Rxg4 Qf5 37. cxd4 Nxd4 38. Nh2 Nxc2 39. Rcg1 Nxe5 40.
Bxe5 Qxe5 41. Qg2 Rff7 42. Rc4 1/2-1/2

[Event "Thüringenliga 2014/2015"]
[Site "?"]
[Date "2014.12.21"]
[Round "5"]
[White "Gläßl, Matthias"]
[Black "Schneider, Thomas"]
[Result "1/2-1/2"]
[WhiteElo "2021"]
[BlackElo "1900"]
[PlyCount "37"]
[EventDate "2014.??.??"]
[WhiteTeam "ESV Gera"]
[BlackTeam "Erfurter Schachklub"]

1. e4 c6 2. d4 d5 3. e5 c5 4. Nf3 Bg4 5. c3 Bxf3 6. gxf3 e6 7. Qb3 Qc7 8. Be3
Nd7 9. Nd2 c4 10. Qc2 Ne7 11. h4 h5 12. Bh3 Qc6 13. f4 g6 14. Nf3 Bh6 15. Ke2
Nf5 16. Rag1 Ke7 17. Bd2 b5 18. Rb1 Rhb8 19. Rhc1 1/2-1/2